Плафоно-линейная перспектива

Opis bibliograficzny
1. autor: Макаров Н.
Streszczenie:Дозволено цензурою. С.-Петербург, 29 сентября 1889 г.
Текст в русской дореформенной орфографии
Język:rosyjski
Wydane: Санкт-Петербург, Тип. СПб. Градоначальства, 1889
Hasła przedmiotowe:
Format: MixedMaterials Książka
KOHA link:https://koha.lib.tpu.ru/cgi-bin/koha/opac-detail.pl?biblionumber=371407

MARC

LEADER 00000nam0a2200000 4500
001 371407
005 20231102012357.0
035 |a (RuTPU)RU\TPU\retro\28817 
090 |a 371407 
100 |a 20221017d1889 m y0rusy50 ca 
101 0 |a rus 
102 |a RU 
105 |a a z 000zy 
200 1 |a Плафоно-линейная перспектива  |f Н. Макаров 
210 |a Санкт-Петербург  |c Тип. СПб. Градоначальства  |d 1889 
215 |a 19 с., 8 л.  |c ил. 
300 |a Дозволено цензурою. С.-Петербург, 29 сентября 1889 г. 
300 |a Текст в русской дореформенной орфографии 
316 |5 63413507: 53//61  |a На с. 3 книги штамп: «Библиотека Окр. Инж. Упр. С.В.О.» 
317 |5 63413507: 53//61  |a Поступил в НТБ в 1920 г. в дар от Окружного Инженерного управления Сибирского Военного Округа в Омске 
606 1 |a Потолки  |2 stltpush  |3 (RuTPU)RU\TPU\subj\50979  |9 69593 
606 1 |a Перспектива  |x Построение  |x Архитектура  |2 stltpush  |3 (RuTPU)RU\TPU\subj\48644  |9 67495 
610 1 |a расчеты 
610 1 |a линейная перспектива 
610 1 |a карнизы 
610 1 |a окна 
610 1 |a своды 
610 1 |a опорные балки 
610 1 |a 19 век 
610 1 |a здания 
610 1 |a владельческие знаки 
610 1 |a Коллекция СибВО 
675 |a 692.54  |v 3 
675 |a 72.01  |v 3 
700 1 |a Макаров  |b Н. 
801 1 |a RU  |b 63413507  |c 20221017 
801 2 |a RU  |b 63413507  |c 20230130  |g RCR 
942 |c BK